|
|
|
|
| LEADER |
04765nam a22003733i 4500 |
| 001 |
EBC6913545 |
| 003 |
MiAaPQ |
| 005 |
20231204023221.0 |
| 006 |
m o d | |
| 007 |
cr cnu|||||||| |
| 008 |
231204s2019 xx o ||||0 eng d |
| 020 |
|
|
|a 9788021095229
|q (electronic bk.)
|
| 020 |
|
|
|z 9788021095212
|
| 035 |
|
|
|a (MiAaPQ)EBC6913545
|
| 035 |
|
|
|a (Au-PeEL)EBL6913545
|
| 035 |
|
|
|a (OCoLC)1305847409
|
| 040 |
|
|
|a MiAaPQ
|b eng
|e rda
|e pn
|c MiAaPQ
|d MiAaPQ
|
| 100 |
1 |
|
|a Svobodová, Hana.
|
| 245 |
1 |
0 |
|a Outdoor Education in Geography :
|b A Specific Educational Strategy.
|
| 250 |
|
|
|a 1st ed.
|
| 264 |
|
1 |
|a Brno :
|b Masaryk University,
|c 2019.
|
| 264 |
|
4 |
|c {copy}2019.
|
| 300 |
|
|
|a 1 online resource (202 pages)
|
| 336 |
|
|
|a text
|b txt
|2 rdacontent
|
| 337 |
|
|
|a computer
|b c
|2 rdamedia
|
| 338 |
|
|
|a online resource
|b cr
|2 rdacarrier
|
| 505 |
0 |
|
|a Intro -- CONTENT -- Introduction -- 1 The concept of outdoor education and its relationship with the school curriculum -- 1.1 The term "outdoor education" -- 1.2 Aims of outdoor education in the school curriculum -- 1.3 Anchoring of outdoor education in learning strategies -- 1.4 Integration of outdoor education in the current Czech curriculum -- 1.4.1 Educational system in the Czech Republic -- 1.4.2 Outdoor education in the Czech curriculum -- 1.4.3 Links between outdoor education and key competencies -- 1.4.4 Relation of outdoor education to cross-curricular subjects -- 1.4.5 The benefits of outdoor education to physical activity development -- 1.5 Organisation of outdoor education -- 1.5.1 Phases of outdoor education -- 1.5.2 Outdoor education aids -- 1.5.3 Health and safety conditions of outdoor education -- 2 Changes in Outdoor Education -- 2.1 Origins of outdoor education -- 2.2 Current strategy of outdoor education -- 2.3 Definitions of partial forms of outdoor education in context of Czech education -- 2.3.1 Excursion -- 2.3.2 (Didactic) walk -- 2.3.3 Outdoor exercise -- 2.3.4 (School) trip -- 2.3.5 School in the countryside -- 2.3.6 Course -- 2.3.7 (School) package tour -- 2.3.8 Education on school grounds -- 2.3.9 Inquiry-based forms of outdoor education -- 2.4 Approaches to outdoor education realisation -- 2.4.1 Content aspect -- 2.4.2 Time aspect -- 2.4.3 Localisation aspect -- 2.4.4 Organisational aspect -- 3 Suggestions for outdoor education for elementary schools -- 3.1 Type tasks for geographical outdoor education -- 3.2 The case study - complex task for outdoor education -- 3.2.1 Preparation of a model geographical case study -- 3.2.2 Assignment of model geographical case study -- 3.2.3 Solution and assessment of a model case study -- 4 Research into outdoor education as a powerful educational strategy - methodology.
|
| 505 |
8 |
|
|a 4.1 Research need -- 4.2 The aim of the research -- 4.3 Research design -- 4.3.1 Content analysis of the school educational programmes -- 4.3.2 Structured interviews with teachers -- 4.3.3 Questionnaire survey with pupils -- 4.3.4 Questionnaire survey with parents -- 4.3.5 Triangulation of results -- 4.3.6 Measurement of the pupils' physical activity -- 5 Results of the research -- 5.1 Anchoring of outdoor education in school educational programmes -- 5.2 Outdoor education from the perspective of elementary school teachers -- 5.2.1 Implementation of outdoor education by the teacher and the school -- 5.2.2 Prerequisites and barriers to the advancement of outdoor education -- 5.2.3 Promoting outdoor education -- 5.2.4 Teachers ́assessment of the outdoor education outcomes -- 5.3 Outdoor education from the perspective of pupils -- 5.3.1 Results of a questionnaire survey with pupils of grades 5 and 6 -- 5.3.2 Results of a questionnaire survey with pupils of grades 8 and 9 -- 5.4 Outdoor education from the perspective of parents -- 5.5 Triangulation of results -- 5.5.1 Comparing the SEPs content analysis to the outcomes of interviews with teachers -- 5.5.2 Comparing the teachers', pupils' and parents' views of outdoor education -- 5.6 Benefits of outdoor education for the development of the pupils' physical activity -- 6 Discussion -- Conclusion -- Resume -- Resources -- List of figures -- Index.
|
| 588 |
|
|
|a Description based on publisher supplied metadata and other sources.
|
| 590 |
|
|
|a Electronic reproduction. Ann Arbor, Michigan : ProQuest Ebook Central, 2023. Available via World Wide Web. Access may be limited to ProQuest Ebook Central affiliated libraries.
|
| 655 |
|
4 |
|a Electronic books.
|
| 776 |
0 |
8 |
|i Print version:
|a Svobodová, Hana
|t Outdoor Education in Geography: A Specific Educational Strategy
|d Brno : Masaryk University,c2019
|z 9788021095212
|
| 797 |
2 |
|
|a ProQuest (Firm)
|
| 856 |
4 |
0 |
|u https://ebookcentral.proquest.com/lib/matrademy/detail.action?docID=6913545
|z Click to View
|